000
00316nam a2200109Ia 4500
008
200302s9999 xx 000 0 und d
100
_a
Sunil Vaidyanathan
245
_a
Temples of South India A Photographic Journey
260
_b
English Edition Publishers & Destributors PVt. Ltd.
260
_c
2003
300
_a
335 P.,
999
_c
1621
_d
1621